[Event "OLNW 2122 Delmenhorster SK - HSK Lister"]
[Site "?"]
[Date "2022.03.06"]
[Round "7.4"]
[White "Pahl, Erik"]
[Black "Voege, Tobias"]
[Result "1-0"]
[WhiteElo "2138"]
[BlackElo "2300"]
[PlyCount "111"]
[EventDate "2022.??.??"]

1. e4 e6 2. d4 d5 3. Bd3 dxe4 4. Bxe4 Nf6 5. Bf3 Nbd7 6. Ne2 Bd6 7. O-O e5 8.
Ng3 O-O 9. Nf5 e4 10. Be2 Re8 11. Nxd6 cxd6 12. f3 b6 13. Nc3 Bb7 14. Bg5 h6
15. Bh4 e3 16. Re1 Nf8 17. Bb5 Re6 18. d5 Re5 19. Bg3 Re7 20. Qd4 a6 21. Bd3 b5
22. Bh4 N8d7 23. Ne4 Re5 24. Nxd6 Rxd5 25. Bxf6 Rxd4 26. Bxd8 Rxd6 27. Bc7 Rc6
28. Bf4 Nc5 29. Bf1 Ne6 30. Bxe3 Rxc2 31. b4 a5 32. a4 axb4 33. axb5 Rxa1 34.
Rxa1 b3 35. Re1 Kf8 36. Bd3 Rc3 37. Bf5 b2 38. Kf2 Rb3 39. b6 h5 40. Ke2 g6 41.
Bc2 Rb5 42. Bd3 Rb3 43. Kd2 Ba6 44. Bxa6 b1=Q 45. Rxb1 Rxb1 46. Kc2 Rb4 47. Kc3
Rb1 48. Bd3 Rxb6 49. Bxb6 Nf4 50. Bc5+ Kg8 51. g3 Ne6 52. Be3 Nf8 53. Kd4 Kg7
54. Kd5 Ne6 55. Kd6 Kf6 56. Bc4 1-0

[Event "OLNW 2122 Delmenhorster SK - HSK Lister"]
[Site "?"]
[Date "2022.03.06"]
[Round "7.5"]
[White "Buchenau, Frank"]
[Black "Sturm, Tobias"]
[Result "1-0"]
[WhiteElo "2265"]
[BlackElo "2002"]
[PlyCount "55"]
[EventDate "2022.??.??"]

1. e4 c5 2. Nf3 d6 3. Bb5+ Nd7 4. O-O a6 5. Bd3 e5 6. a4 b6 7. c3 Bb7 8. Qe2
Ngf6 9. Bc2 g6 10. d4 Bg7 11. d5 O-O 12. Bd2 Qc7 13. c4 a5 14. Nc3 Nb8 15. Nh4
Na6 16. Rae1 Nb4 17. Bb1 Rae8 18. g3 Ba6 19. f4 Nd7 20. f5 Qd8 21. b3 Bf6 22.
Bh6 Bg7 23. Qd2 Bxh6 24. Qxh6 Nf6 25. h3 Nh5 26. Rf3 Qe7 27. Ref1 g5 28. f6 1-0

[Event "OLNW 2122 Delmenhorster SK - HSK Lister"]
[Site "?"]
[Date "2022.03.06"]
[Round "7.6"]
[White "Grebener, Soeren"]
[Black "Schulze, Torben"]
[Result "0-1"]
[WhiteElo "2005"]
[BlackElo "2275"]
[PlyCount "100"]
[EventDate "2022.??.??"]

1. e4 c6 2. Nf3 d5 3. exd5 cxd5 4. Ne5 Nc6 5. d4 a6 6. c3 Nxe5 7. dxe5 Bf5 8.
Bd3 Bxd3 9. Qxd3 e6 10. O-O Ne7 11. Nd2 Nf5 12. f4 Qb6+ 13. Kh1 h5 14. Nb3 Bc5
15. Rf3 Rc8 16. Nxc5 Qxc5 17. Be3 Qc4 18. Qxc4 Rxc4 19. Bf2 Ke7 20. Rd1 Rhc8
21. Rdd3 Ra4 22. a3 Re4 23. Rd2 a5 24. g3 a4 25. Kg2 Kd7 26. h3 Rcc4 27. Rfd3
Ne7 28. Rd4 h4 29. Rxc4 Rxc4 30. Kf3 hxg3 31. Bxg3 Kc6 32. h4 Kb5 33. h5 Re4
34. Bh4 Nf5 35. Be7 Kc4 36. Kg4 Kb3 37. Bc5 Re1 38. Kg5 Rh1 39. Rg2 b5 40. Bf8
Kc4 41. Rg4 Rh2 42. Bxg7 Nxg7 43. Kf6 Nf5 44. Rg5 d4 45. Kxf7 d3 46. Kxe6 d2
47. Rg1 Rxh5 48. Kf6 Ne3 49. e6 Rf5+ 50. Kg7 Nd5 0-1

[Event "OLNW 2122 Delmenhorster SK - HSK Lister"]
[Site "?"]
[Date "2022.03.06"]
[Round "7.7"]
[White "Polster, Christian"]
[Black "Meyer, Thorsten"]
[Result "1-0"]
[WhiteElo "2232"]
[BlackElo "1990"]
[PlyCount "37"]
[EventDate "2022.??.??"]

1. e4 c5 2. Nc3 Nc6 3. Nge2 d6 4. d4 cxd4 5. Nxd4 g6 6. Bc4 Nf6 7. Nxc6 bxc6 8.
e5 Ng8 9. Qf3 e6 10. exd6 Bd7 11. Ne4 Bg7 12. O-O h6 13. Bd2 Rh7 14. Bc3 Kf8
15. Nc5 Bxc3 16. Qxc3 Ke8 17. Rfe1 Nf6 18. Bxe6 Kf8 19. Qxf6 1-0

[Event "OLNW 2122 Delmenhorster SK - HSK Lister"]
[Site "?"]
[Date "2022.03.06"]
[Round "7.8"]
[White "Alhamid, Mohamad"]
[Black "Sreyas Payyappat"]
[Result "1-0"]
[WhiteElo "1738"]
[BlackElo "2186"]
[PlyCount "83"]
[EventDate "2022.??.??"]

1. e4 c6 2. d4 d5 3. f3 dxe4 4. fxe4 e5 5. Nf3 exd4 6. Bc4 Bc5 7. O-O Nf6 8.
Ng5 Bg4 9. Bxf7+ Ke7 10. Qd3 Be2 11. Qg3 d3+ 12. Kh1 Bd6 13. e5 Bxf1 14. exd6+
Qxd6 15. Bf4 Qb4 16. Nc3 h6 17. a3 hxg5 18. axb4 gxf4 19. Qxg7 Rh7 20. Qg5
Bxg2+ 21. Kxg2 Kxf7 22. Qxf4 Nbd7 23. Qc4+ Kg7 24. Qxd3 Kh8 25. Ne2 Ne5 26. Qf5
Nfg4 27. Kg1 Rxh2 28. Ng3 Rh3 29. Ra3 Rg8 30. Kf1 Rg7 31. Qf8+ Kh7 32. Nf5 Rh1+
33. Kg2 Rh2+ 34. Kg1 Rf7 35. Qc8 Rh5 36. Ng3 Rh3 37. Qe6 Nf3+ 38. Rxf3 Rxf3 39.
Qe4+ Kh6 40. Qxf3 Kg5 41. Ne4+ Kh4 42. Qf5 1-0

[Event "OLNW 2122 SV Hellern - Hamelner SV"]
[Site "?"]
[Date "2022.03.06"]
[Round "7.1"]
[White "Bode, Wilfried"]
[Black "Hoffmann, Alexander"]
[Result "1/2-1/2"]
[WhiteElo "2351"]
[BlackElo "2403"]
[PlyCount "43"]
[EventDate "2022.??.??"]

1. d4 Nf6 2. Nf3 g6 3. g3 Bg7 4. Bg2 O-O 5. O-O d5 6. c4 c6 7. cxd5 cxd5 8. Nc3
Ne4 9. Ne5 Nxc3 10. bxc3 Nd7 11. Nxd7 Qxd7 12. Qb3 Rd8 13. e4 dxe4 14. Bxe4 Qc7
15. Bf4 e5 16. dxe5 Bxe5 17. Bxe5 Qxe5 18. Rfe1 Qc5 19. Qb4 Qxb4 20. cxb4 Be6
21. a3 Rd7 22. Rad1 {(=)} 1/2-1/2

[Event "OLNW 2122 SV Hellern - Hamelner SV"]
[Site "?"]
[Date "2022.03.06"]
[Round "7.2"]
[White "Boettcher, Christian"]
[Black "Tonndorf, Matthias"]
[Result "1-0"]
[WhiteElo "2206"]
[BlackElo "2171"]
[PlyCount "67"]
[EventDate "2022.??.??"]

1. e4 c6 2. d3 g6 3. Nf3 Bg7 4. Be2 d5 5. O-O dxe4 6. dxe4 Qxd1 7. Rxd1 Nd7 8.
Nc3 Nc5 9. Bd3 Bg4 10. Be3 Nxd3 11. Rxd3 Nf6 12. h3 Bxf3 13. gxf3 Nd7 14. f4
Nb6 15. Rad1 Nc4 16. Bc1 Nb6 17. Be3 O-O 18. b3 Nc8 19. Ne2 Nd6 20. Ng3 b6 21.
e5 Nc8 22. Rd7 f6 23. exf6 Bxf6 24. Ne4 Bh4 25. a4 c5 26. a5 bxa5 27. Nxc5 Nd6
28. Ne6 Rfc8 29. R1xd6 exd6 30. Bd4 h5 31. Rg7+ Kh8 32. Rxg6+ Kh7 33. Rg7+ Kh6
34. f5 1-0

[Event "OLNW 2122 SV Hellern - Hamelner SV"]
[Site "?"]
[Date "2022.03.06"]
[Round "7.3"]
[White "Renner, Kai"]
[Black "Lehmann, Holger"]
[Result "1-0"]
[WhiteElo "2154"]
[BlackElo "2156"]
[PlyCount "61"]
[EventDate "2022.??.??"]

1. e4 c5 2. Nf3 Nc6 3. d4 cxd4 4. Nxd4 g6 5. c4 Bg7 6. Be3 Nf6 7. Nc3 Ng4 8.
Qxg4 Nxd4 9. Qd1 e5 10. Bd3 O-O 11. O-O b6 12. Qd2 Bb7 13. Rac1 f5 14. exf5 Qh4
15. f3 gxf5 16. Qf2 Qf6 17. Rfd1 Rf7 18. Bf1 Bf8 19. Bxd4 exd4 20. Nb5 Bc5 21.
Nxd4 Rg7 22. Kh1 Re8 23. Qd2 a5 24. a3 a4 25. Qc3 f4 26. Nb5 Qh4 27. Re1 Rf8
28. Re2 Rg6 29. Nd4 Rd6 30. Rd1 Rf5 31. Nxf5 1-0

[Event "OLNW 2122 SV Hellern - Hamelner SV"]
[Site "?"]
[Date "2022.03.06"]
[Round "7.4"]
[White "Stock, Joerg"]
[Black "van Son, Lutz"]
[Result "1/2-1/2"]
[WhiteElo "2202"]
[BlackElo "2177"]
[PlyCount "152"]
[EventDate "2022.??.??"]

1. e4 e6 2. d4 d5 3. Nd2 a6 4. Bd3 c5 5. dxc5 Bxc5 6. Ngf3 Nf6 7. Qe2 Nc6 8. c3
h6 9. O-O O-O 10. e5 Nd7 11. Nb3 f5 12. Be3 Qe7 13. c4 Bxe3 14. Qxe3 dxc4 15.
Bxc4 b5 16. Be2 Bb7 17. Rfd1 Nb4 18. Qd2 Nd5 19. a4 bxa4 20. Rxa4 Nc5 21. Nxc5
Qxc5 22. Nd4 Qb6 23. Qa5 Qxa5 24. Rxa5 Nf4 25. Bf1 Bd5 26. g3 Ng6 27. f4 Rfb8
28. Rd2 Rb6 29. Nxf5 Rc8 30. Ne3 Bb7 31. Nc4 Rb4 32. Nd6 Rb8 33. Nxb7 R8xb7 34.
Rxa6 Kf7 35. Bh3 Nf8 36. Ra2 g5 37. fxg5 hxg5 38. Rf2+ Ke7 39. Bg2 Rc7 40. Ra1
Nd7 41. Re1 Rc5 42. Rfe2 Rbb5 43. h3 Rxe5 44. Rxe5 Nxe5 45. Re3 Kd6 46. b3 Ra5
47. b4 Ra1+ 48. Bf1 Rb1 49. b5 Nc4 50. Rc3 Ne5 51. Kf2 Kd5 52. Rc2 Kd4 53. Be2
Ke4 54. h4 gxh4 55. gxh4 Kf4 56. h5 Ng4+ 57. Bxg4 Kxg4 58. Rc5 Kf4 59. Ke2 Ke4
60. Kd2 Kd4 61. Kc2 Rh1 62. Rg5 Kc4 63. b6 Rh2+ 64. Kb1 Rh1+ 65. Ka2 Rh2+ 66.
Ka3 Rh3+ 67. Ka4 Rh1 68. Rg4+ Kc5 69. Ka5 Rxh5 70. b7 Rh8 71. Rg5+ Kd4 72. Kb6
e5 73. Rg7 Rb8 74. Kc7 Rxb7+ 75. Kxb7 e4 76. Rd7+ Kc3 {(=)} 1/2-1/2

[Event "OLNW 2122 SV Hellern - Hamelner SV"]
[Site "?"]
[Date "2022.03.06"]
[Round "7.5"]
[White "Koch, Yannick"]
[Black "Lewin, Tammo"]
[Result "1-0"]
[WhiteElo "2077"]
[BlackElo "2078"]
[PlyCount "63"]
[EventDate "2022.??.??"]

1. d4 Nf6 2. c4 e6 3. Nc3 Bb4 4. Qc2 Nc6 5. Nf3 d6 6. Bg5 h6 7. Bh4 g5 8. Bg3
g4 9. Nd2 Nxd4 10. Qd3 Nf5 11. e4 Nxg3 12. hxg3 e5 13. O-O-O Bd7 14. f3 Qe7 15.
Nb3 h5 16. a3 Bxc3 17. Qxc3 O-O-O 18. c5 Ba4 19. cxd6 Bxb3 20. Qxb3 Rxd6 21.
Rxd6 cxd6 22. Bc4 gxf3 23. gxf3 Nd7 24. Bxf7 Qg5+ 25. Kb1 Qxg3 26. Rc1+ Nc5 27.
Qe6+ Kc7 28. Qe7+ Kc6 29. Bd5+ Kb5 30. Qxd6 b6 31. Bc6+ Ka5 32. Qd2+ 1-0

[Event "OLNW 2122 SV Hellern - Hamelner SV"]
[Site "?"]
[Date "2022.03.06"]
[Round "7.6"]
[White "Hart, Martin"]
[Black "Schmidt, Dennis"]
[Result "1/2-1/2"]
[WhiteElo "2013"]
[BlackElo "2080"]
[PlyCount "53"]
[EventDate "2022.??.??"]

1. e4 c5 2. Nc3 d6 3. g3 Nc6 4. Bg2 g6 5. d3 Bg7 6. f4 Bd7 7. Be3 Rb8 8. Qd2 b5
9. a3 Nd4 10. Bxd4 cxd4 11. Nce2 Qb6 12. Nf3 e6 13. O-O Ne7 14. Kh1 O-O 15. f5
exf5 16. Nf4 Rbc8 17. Rae1 Qc5 18. Re2 fxe4 19. dxe4 Bg4 20. Nd3 Qb6 21. Qg5
Bxf3 22. Bxf3 Rce8 23. Ref2 Nc6 24. Bg2 Ne5 25. Nb4 h6 26. Qh4 Qd8 27. Qf4
1/2-1/2

[Event "OLNW 2122 SV Hellern - Hamelner SV"]
[Site "?"]
[Date "2022.03.06"]
[Round "7.7"]
[White "Jacobi, Felix-Hagen"]
[Black "Bade, Hans-Juergen"]
[Result "1/2-1/2"]
[WhiteElo "2127"]
[BlackElo "1977"]
[PlyCount "98"]
[EventDate "2022.??.??"]

1. e4 c5 2. f4 d5 3. exd5 Qxd5 4. Nc3 Qd8 5. Bc4 Nf6 6. Nf3 e6 7. d3 Be7 8. Ne5
a6 9. Qf3 Qc7 10. O-O Bd7 11. Be3 Nc6 12. Nxd7 Qxd7 13. a4 Nd4 14. Bxd4 cxd4
15. Ne4 O-O 16. Nxf6+ Bxf6 17. Bb3 Rac8 18. Qe4 Rc5 19. Rf3 h5 20. Rh3 g6 21.
Rf3 Kg7 22. Raf1 Rfc8 23. g3 Rh8 24. h3 Bd8 25. Kg2 Bf6 26. Rh1 Qc8 27. Rf2 Qc6
28. Kf3 e5 29. Qxc6 bxc6 30. Bc4 a5 31. Re2 exf4 32. gxf4 Rd8 33. b3 Kf8 34.
Re4 Re8 35. Rhe1 Re7 36. Rxe7 Bxe7 37. Re5 Bd6 38. Rxc5 Bxc5 39. Ba6 Ke7 40.
Ke4 Bb6 41. Bb7 Kd6 42. f5 g5 43. Bc8 f6 44. Be6 h4 45. Bf7 Kc5 46. Be8 Ba7 47.
Bd7 Kd6 48. Be8 Kc5 49. Bd7 Kd6 {(=)} 1/2-1/2

[Event "OLNW 2122 SV Hellern - Hamelner SV"]
[Site "?"]
[Date "2022.03.06"]
[Round "7.8"]
[White "Suendorf, Dominik"]
[Black "Belov, Igor"]
[Result "0-1"]
[WhiteElo "1800"]
[BlackElo "2039"]
[PlyCount "76"]
[EventDate "2022.??.??"]

1. e4 d6 2. d4 Nf6 3. Nc3 g6 4. Bg5 Bg7 5. Qd2 h6 6. Bh4 g5 7. Bg3 Nh5 8. O-O-O
Nc6 9. Nge2 Nxg3 10. hxg3 e5 11. d5 Ne7 12. g4 Bxg4 13. f3 Bd7 14. Ng3 a6 15.
Nh5 Kf8 16. g3 Ng6 17. Be2 Kg8 18. Rdf1 Qe7 19. Nd1 c6 20. Ne3 c5 21. Nf5 Bxf5
22. exf5 Nf8 23. f6 Bxf6 24. f4 Bg7 25. Bg4 Re8 26. Nxg7 Kxg7 27. fxg5 h5 28.
Bxh5 Ng6 29. Rf6 e4 30. Qe3 Qe5 31. c4 Qd4 32. Qxd4 cxd4 33. g4 e3 34. Kc2 Ne5
35. Rxd6 d3+ 36. Kc3 Nxg4 37. Re1 Rxh5 38. Kxd3 Ne5+ 0-1

[Event "OLNW 2122 SF Hannover - Hamelner SV"]
[Site "?"]
[Date "2022.04.03"]
[Round "8.1"]
[White "Bode, Wilfried"]
[Black "Pubantz, Jan"]
[Result "1/2-1/2"]
[WhiteElo "2352"]
[BlackElo "2292"]
[PlyCount "163"]
[EventDate "2022.??.??"]

1. Nf3 d5 2. b3 Bf5 3. Bb2 e6 4. e3 Nf6 5. Nh4 Bg6 6. d3 Bd6 7. Nd2 Nbd7 8. g3
Qe7 9. Nxg6 hxg6 10. Bg2 O-O-O 11. a3 e5 12. Qe2 Kb8 13. c4 c6 14. b4 dxc4 15.
Nxc4 Bc7 16. Qc2 Nb6 17. Na5 Qd7 18. O-O-O Nbd5 19. Nb3 Qe7 20. h3 Rhe8 21. Kb1
Bd6 22. Rc1 Rc8 23. Rhd1 Nd7 24. Na5 Qe6 25. Qb3 N7b6 26. Nc4 Bc7 27. Ka2 Rcd8
28. Ka1 Re7 29. Ka2 Ree8 30. Na5 Re7 31. h4 Ree8 32. Ka1 Re7 33. Rd2 Nf6 34.
Qxe6 Rxe6 35. Nb3 Na4 36. Nc5 Nxc5 37. Rxc5 e4 38. Bxf6 gxf6 39. d4 Bb6 40. Rc1
Re7 41. Rdc2 Rd5 42. Bf1 a6 43. Ka2 f5 44. a4 Rd8 45. Kb3 Bc7 46. Be2 Bd6 47.
Ra2 Rc7 48. Raa1 Rh8 49. Rh1 Rcc8 50. h5 Kc7 51. Bc4 Rcf8 52. hxg6 fxg6 53. b5
axb5 54. axb5 cxb5 55. Bxb5 g5 56. Kc4 f4 57. Rxh8 Rxh8 58. Kd5 fxg3 59. Rc1+
Kb6 60. Kxd6 g2 61. Rg1 Kxb5 62. Rxg2 Kc4 63. Rxg5 Rf8 64. Rc5+ Kd3 65. Rb5
Rxf2 66. Rb3+ Kc2 67. Rxb7 Re2 68. Ke5 Rxe3 69. d5 Re1 70. Rc7+ Kb3 71. Kd4 e3
72. Rc3+ Kb4 73. Rxe3 Rxe3 74. Kxe3 Kc5 75. Ke4 Kd6 76. Kd4 Kd7 77. Kc5 Kc7 78.
d6+ Kd7 79. Kd5 Kd8 80. Kc6 Kc8 81. d7+ Kd8 82. Kd6 1/2-1/2

[Event "OLNW 2122 SF Hannover - Hamelner SV"]
[Site "?"]
[Date "2022.04.03"]
[Round "8.2"]
[White "von Mettenheim, Johannes"]
[Black "Tonndorf, Matthias"]
[Result "1-0"]
[WhiteElo "2136"]
[BlackElo "2162"]
[PlyCount "63"]
[EventDate "2022.??.??"]

1. d4 b6 2. e4 e6 3. Bd3 Ba6 4. Nf3 Bxd3 5. Qxd3 Qc8 6. O-O Qa6 7. c4 d6 8. Nc3
Nd7 9. Be3 Ne7 10. d5 e5 11. Nd2 Ng6 12. b4 Be7 13. Rfc1 O-O 14. a4 Nf6 15. f3
Qc8 16. Nb3 Nh5 17. c5 Nhf4 18. Qd2 dxc5 19. bxc5 bxc5 20. g3 c4 21. Na5 Nd3
22. Rcb1 Nb4 23. Nb5 c5 24. Nxc4 f5 25. Ncd6 Qd8 26. Nxf5 Nxd5 27. Qa2 Kh8 28.
Rd1 a6 29. Rxd5 Qa5 30. Na3 Qxa4 31. Nc4 Qc6 32. Qa4 1-0

[Event "OLNW 2122 SF Hannover - Hamelner SV"]
[Site "?"]
[Date "2022.04.03"]
[Round "8.3"]
[White "Renner, Kai"]
[Black "Ackermann, Dennie"]
[Result "1/2-1/2"]
[WhiteElo "2164"]
[BlackElo "2120"]
[PlyCount "97"]
[EventDate "2022.??.??"]

1. e4 c6 2. d4 d5 3. Nd2 dxe4 4. Nxe4 Bf5 5. Ng3 Bg6 6. h4 h6 7. Nf3 Nd7 8. h5
Bh7 9. Bd3 Bxd3 10. Qxd3 Ngf6 11. Bd2 e6 12. O-O-O Qc7 13. Ne4 Nxe4 14. Qxe4
Nf6 15. Qe2 O-O-O 16. g3 Bd6 17. c4 c5 18. Bc3 Rhe8 19. Kb1 Qb6 20. Ne5 Bxe5
21. dxe5 Nh7 22. Rd3 Rxd3 23. Qxd3 Ng5 24. Rd1 Rd8 25. Qxd8+ Qxd8 26. Rxd8+
Kxd8 27. Kc2 Kd7 28. Kd3 Kc6 29. f4 Nh7 30. g4 b6 31. a4 a6 32. Ke4 a5 33. Bd2
Kd7 34. f5 Ke7 35. Be1 Ng5+ 36. Kf4 Nh3+ 37. Kg3 Ng5 38. Kf4 Nh3+ 39. Ke3 Ng5
40. Bh4 Kf8 41. f6 Kg8 42. Be1 Nh7 43. Bh4 Ng5 44. Bf2 Nh7 45. Bh4 Ng5 46. Bg3
Nh7 47. fxg7 Kxg7 48. Bf4 Ng5 49. Bxg5 1/2-1/2

[Event "OLNW 2122 SF Hannover - Hamelner SV"]
[Site "?"]
[Date "2022.04.03"]
[Round "8.4"]
[White "Herrmann, Andreas"]
[Black "van Son, Lutz"]
[Result "1/2-1/2"]
[WhiteElo "2057"]
[BlackElo "2178"]
[PlyCount "66"]
[EventDate "2022.??.??"]

1. d4 e6 2. Nf3 Nf6 3. c3 c5 4. Bf4 d5 5. e3 Nc6 6. Nbd2 Bd6 7. Bg5 Qb6 8. Rb1
cxd4 9. exd4 Bd7 10. Bd3 h6 11. Bh4 O-O-O 12. O-O Kb8 13. Re1 g5 14. Bg3 Bxg3
15. hxg3 Rdg8 16. Qe2 Ka8 17. Ne5 Nxe5 18. dxe5 Ne8 19. Nf3 Nc7 20. Nd4 h5 21.
Ra1 g4 22. a4 Qc5 23. Qe3 Kb8 24. Bb5 Nxb5 25. axb5 b6 26. Qd3 h4 27. Ra3 hxg3
28. fxg3 Rg5 29. Rea1 Rxe5 30. Rxa7 Re1+ 31. Rxe1 Kxa7 32. Qf1 f5 33. Qf4 Re8 {
(=)} 1/2-1/2

[Event "OLNW 2122 SF Hannover - Hamelner SV"]
[Site "?"]
[Date "2022.04.03"]
[Round "8.5"]
[White "Koch, Yannick"]
[Black "Simon, Ralf-Axel"]
[Result "1-0"]
[WhiteElo "2087"]
[BlackElo "2143"]
[PlyCount "59"]
[EventDate "2022.??.??"]

1. d4 Nf6 2. c4 e6 3. Nc3 Bb4 4. Qc2 O-O 5. Nf3 c5 6. dxc5 Na6 7. g3 Nxc5 8.
Bg2 Nce4 9. O-O Nxc3 10. bxc3 Be7 11. e4 d6 12. e5 dxe5 13. Nxe5 Qc7 14. Re1
Bd6 15. Qe2 Nd7 16. Bf4 Nc5 17. Rad1 f6 18. Nd7 Bxf4 19. Nxf8 Bh6 20. Qc2 Kxf8
21. Qxh7 Rb8 22. Qh8+ Ke7 23. Rd5 b6 24. Rh5 Bb7 25. Qh7 Bxg2 26. Rxh6 Kd6 27.
Rh4 Bf3 28. Rf4 Ba8 29. Rd1+ Kc6 30. Rg4 1-0

[Event "OLNW 2122 SF Hannover - Hamelner SV"]
[Site "?"]
[Date "2022.04.03"]
[Round "8.6"]
[White "Ploog, Martin"]
[Black "Schmidt, Dennis"]
[Result "1-0"]
[WhiteElo "2049"]
[BlackElo "2078"]
[PlyCount "75"]
[EventDate "2022.??.??"]

1. e4 c5 2. Nc3 d6 3. d4 cxd4 4. Qxd4 Nc6 5. Qd2 Nf6 6. b3 e6 7. Bb2 a6 8.
O-O-O b5 9. f3 Bb7 10. g4 h6 11. Kb1 Qb6 12. h4 O-O-O 13. Bh3 d5 14. g5 dxe4
15. Qc1 Rxd1 16. Qxd1 hxg5 17. hxg5 Nd7 18. Nxe4 Rg8 19. Ne2 Qc7 20. g6 f5 21.
Ng5 Nd8 22. Nd4 Nc5 23. b4 Na4 24. Ndxe6 Nxe6 25. Bxf5 Nxb2 26. Bxe6+ Kb8 27.
Qd4 Nc4 28. Bxg8 Na3+ 29. Kb2 Nxc2 30. Qc3 Qxc3+ 31. Kxc3 Nxb4 32. Rh8 Ka7 33.
Bb3 Be7 34. Ne4 Nc6 35. Rg8 Bb4+ 36. Kb2 Ne5 37. Rxg7 Kb6 38. Rxb7+ 1-0

[Event "OLNW 2122 SF Hannover - Hamelner SV"]
[Site "?"]
[Date "2022.04.03"]
[Round "8.7"]
[White "Jacobi, Felix-Hagen"]
[Black "Koelle, Arthur"]
[Result "0-1"]
[WhiteElo "2123"]
[BlackElo "2165"]
[PlyCount "70"]
[EventDate "2022.??.??"]

1. e4 c5 2. f4 d5 3. exd5 Nf6 4. Bb5+ Nbd7 5. c4 a6 6. Ba4 b5 7. cxb5 Nxd5 8.
Nf3 c4 9. Nc3 Nxf4 10. O-O Nd3 11. Qe2 e6 12. Kh1 Nb6 13. bxa6+ Nxa4 14. Nxa4
Rxa6 15. b3 Be7 16. Nb2 Bf6 17. Rb1 Rxa2 18. Nxc4 Ba6 19. Qe4 Nxc1 20. Rfxc1
O-O 21. b4 Qb8 22. Qe3 Bb7 23. b5 Rd8 24. Qb3 Qa8 25. Kg1 Be4 26. b6 Bxb1 27.
Rxb1 Ra1 28. Rxa1 Qxa1+ 29. Kf2 Qa6 30. Nfe5 Bxe5 31. Nxe5 Rxd2+ 32. Kg3 Qb7
33. Qf3 Qxf3+ 34. Kxf3 Rb2 35. Nc4 Rb4 0-1

[Event "OLNW 2122 SF Hannover - Hamelner SV"]
[Site "?"]
[Date "2022.04.03"]
[Round "8.8"]
[White "Schmidt, Benjamin"]
[Black "Helmer, Jan"]
[Result "0-1"]
[WhiteElo "1896"]
[BlackElo "2016"]
[PlyCount "48"]
[EventDate "2022.??.??"]

1. d4 e6 2. c4 f5 3. g3 Nf6 4. Bg2 d6 5. Nf3 Be7 6. O-O O-O 7. Nc3 Ne4 8. Nxe4
fxe4 9. Nd2 d5 10. f3 e3 11. Nb1 dxc4 12. Bxe3 Bf6 13. Nc3 Nc6 14. d5 exd5 15.
Qxd5+ Qxd5 16. Nxd5 Bxb2 17. Rab1 Ba3 18. Nxc7 Bf5 19. Nxa8 Bxb1 20. Rxb1 Rxa8
21. f4 c3 22. Bd5+ Kh8 23. Rxb7 c2 24. Bxc6 Bc5 0-1

[Event "OLNW 2122 HSK Lister Turm - SV Hellern"]
[Site "?"]
[Date "2022.04.03"]
[Round "8.1"]
[White "Lehmann, Holger"]
[Black "Schneider, Ilja"]
[Result "0-1"]
[WhiteElo "2141"]
[BlackElo "2478"]
[PlyCount "50"]
[EventDate "2022.??.??"]

1. d4 f5 2. g4 fxg4 3. Bf4 Nf6 4. Nc3 d5 5. h3 gxh3 6. Bxh3 Bxh3 7. Nxh3 Qd7 8.
Qd3 Nc6 9. a3 O-O-O 10. O-O-O e6 11. f3 Bd6 12. Bxd6 Qxd6 13. Kb1 e5 14. Ng5
Qd7 15. Nxh7 Rxh7 16. Rxh7 exd4 17. Na2 Nxh7 18. Qxh7 Re8 19. Nc1 b6 20. Rg1
Re7 21. Rg5 Kb7 22. Qh5 Qe6 23. Rxd5 g6 24. Qg5 Rh7 25. Rb5 Rh5 0-1

[Event "OLNW 2122 HSK Lister Turm - SV Hellern"]
[Site "?"]
[Date "2022.04.03"]
[Round "8.2"]
[White "Abel, Dennes"]
[Black "Stock, Joerg"]
[Result "1-0"]
[WhiteElo "2446"]
[BlackElo "2187"]
[PlyCount "87"]
[EventDate "2022.??.??"]

1. d4 Nf6 2. c4 e6 3. Nc3 Bb4 4. Bd2 O-O 5. Nf3 b6 6. e3 Bb7 7. Bd3 d6 8. O-O
Nbd7 9. a3 Bxc3 10. Bxc3 Ne4 11. Bxe4 Bxe4 12. Nd2 Bb7 13. e4 f5 14. exf5 Rxf5
15. Qe2 Qf6 16. f3 Re8 17. Rfe1 Qh6 18. Nf1 Qg6 19. d5 Ne5 20. Ng3 Rff8 21.
dxe6 Rxe6 22. Bxe5 Rxe5 23. Qd2 Rfe8 24. Rxe5 Rxe5 25. Re1 Qe6 26. Rxe5 Qxe5
27. Nf1 d5 28. cxd5 Qxd5 29. Qc3 c5 30. Ne3 Qe6 31. Kf2 h5 32. h3 Qe7 33. Nf5
Qg5 34. Qe5 Kh7 35. h4 Qg6 36. Ng3 Kh6 37. Qb8 Qc2+ 38. Kg1 Qg6 39. Kh2 Ba6 40.
Qh8+ Qh7 41. Qd8 Qg6 42. Qh8+ Qh7 43. Nf5+ Kg6 44. Qe8+ 1-0

[Event "OLNW 2122 HSK Lister Turm - SV Hellern"]
[Site "?"]
[Date "2022.04.03"]
[Round "8.3"]
[White "Lewin, Tammo"]
[Black "Walter, Stefan"]
[Result "0-1"]
[WhiteElo "2065"]
[BlackElo "2387"]
[PlyCount "64"]
[EventDate "2022.??.??"]

1. d4 d5 2. c4 e6 3. Nc3 Be7 4. Nf3 Nf6 5. Bg5 h6 6. Bh4 O-O 7. e3 Ne4 8. Bxe7
Qxe7 9. Rc1 c6 10. Bd3 Nxc3 11. Rxc3 dxc4 12. Bxc4 Nd7 13. O-O b6 14. Qe2 a5
15. Rd1 Bb7 16. e4 Rfd8 17. Re3 Qd6 18. h3 Qf4 19. g3 Qd6 20. Nh4 a4 21. a3 Ne5
22. Ba2 c5 23. d5 Ba6 24. Qh5 c4 25. Kh2 Nd3 26. dxe6 fxe6 27. Rdxd3 cxd3 28.
Nf5 Qf8 29. Rf3 Qf6 30. Nxg7 Qxg7 31. Rf4 d2 32. Bd5 Kh8 0-1

[Event "OLNW 2122 HSK Lister Turm - SV Hellern"]
[Site "?"]
[Date "2022.04.03"]
[Round "8.4"]
[White "Hampel, Felix"]
[Black "Hart, Martin"]
[Result "1-0"]
[WhiteElo "2306"]
[BlackElo "2021"]
[PlyCount "53"]
[EventDate "2022.??.??"]

1. d4 d6 2. c4 Nd7 3. Nf3 e5 4. Nc3 Ngf6 5. e4 Be7 6. Be2 O-O 7. O-O c6 8. Be3
Ng4 9. Bc1 Kh8 10. h3 Nh6 11. Qc2 exd4 12. Nxd4 Nc5 13. Be3 Ne6 14. Nf5 Ng8 15.
Rad1 Qc7 16. f4 b6 17. Nxe7 Qxe7 18. f5 Nc5 19. Bf4 Nb7 20. b4 Re8 21. Bf3 Bd7
22. Qd2 Qf6 23. e5 Rxe5 24. Ne4 Qxf5 25. Bxe5 Qxe5 26. Nxd6 Nxd6 27. Qxd6 1-0

[Event "OLNW 2122 HSK Lister Turm - SV Hellern"]
[Site "?"]
[Date "2022.04.03"]
[Round "8.5"]
[White "Rein, Joachim"]
[Black "Voege, Tobias"]
[Result "0-1"]
[WhiteElo "1929"]
[BlackElo "2286"]
[PlyCount "73"]
[EventDate "2022.??.??"]

1. d4 e6 2. e4 d5 3. exd5 exd5 4. Nf3 Nf6 5. Bd3 Bg4 6. O-O Be7 7. Bg5 O-O 8.
Nbd2 Ne4 9. Bxe7 Qxe7 10. Qe1 Bxf3 11. Nxf3 Re8 12. Ne5 f6 13. Bxe4 dxe4 14.
Nc4 Nd7 15. Ne3 c6 16. c3 Qf7 17. Qe2 f5 18. Qc4 Re6 19. d5 cxd5 20. Qxd5 f4
21. Nc2 Nb6 22. Qb3 Rae8 23. Rad1 Re5 24. Qxf7+ Kxf7 25. Rd4 g5 26. Rfd1 h5 27.
Kf1 R8e7 28. b3 h4 29. h3 Na8 30. Rd5 Kf6 31. Rd6+ Kf7 32. Rh6 Nc7 33. Rh7+ Kg6
34. Rxe7 Rxe7 35. Rd6+ Kf7 36. Ke2 Nb5 37. Rd5 0-1

[Event "OLNW 2122 HSK Lister Turm - SV Hellern"]
[Site "?"]
[Date "2022.04.03"]
[Round "8.6"]
[White "Buchenau, Frank"]
[Black "Ernst, Franz"]
[Result "1-0"]
[WhiteElo "2269"]
[BlackElo "1920"]
[PlyCount "89"]
[EventDate "2022.??.??"]

1. e4 e5 2. Bc4 d6 3. Nf3 Nf6 4. Ng5 d5 5. exd5 h6 6. Nf3 e4 7. Qe2 Bb4 8. c3
O-O 9. cxb4 exf3 10. Qxf3 Re8+ 11. Kf1 Bg4 12. Qg3 Qe7 13. f3 Qxb4 14. b3 Bf5
15. Bb2 Nbd7 16. Bxf6 Nxf6 17. Nc3 a6 18. a3 Qc5 19. Qf4 b5 20. d4 Qe7 21. Be2
Bg6 22. Kf2 b4 23. d6 cxd6 24. axb4 d5 25. b5 axb5 26. Bxb5 Rxa1 27. Rxa1 Rc8
28. Ne2 Qb4 29. Ba4 Rc2 30. Qe3 Qd6 31. Kg1 Qa6 32. Nf4 Qc8 33. Re1 Kh7 34. h4
Rc3 35. Qe5 Qd8 36. Re3 Rc1+ 37. Re1 Rc3 38. Kh2 Ng8 39. h5 Bc2 40. Nxd5 Qh4+
41. Kg1 f6 42. g3 Qh3 43. Qf4 Rd3 44. Nb4 Rc3 45. Nxc2 1-0